Sports Quiz

Random Sports or Famous Quiz
Score 0/50 Timer 10:00
0 Plays Today
% Correct
Randy Savage
91.9%
Rock
88.6%
Ultimate Warrior
87.8%
Ric Flair
87%
Triple H
87%
Bret Hart
85.4%
Stone Cold Steve Austin
83.7%
Mick Foley
83.7%
Roddy Piper
82.9%
Edge
81.3%
Sting
81.3%
Hulk Hogan
80.5%
Eddie Guerrero
80.5%
Kane
80.5%
Jeff Hardy
78.9%
Rey Mysterio
78%
Kurt Angle
77.2%
Chris Jericho
76.4%
Chris Benoit
75.6%
Batista
74.8%
Randy Orton
74.8%
Daniel Bryan
74%
Scott Hall
72.4%
Kevin Nash
72.4%
Yokozuna
72.4%
% Correct
Sheamus
71.5%
JBL
70.7%
Umaga
68.3%
Bruno Sammartino
66.7%
Ryback
66.7%
Roman Reigns
66.7%
Dolph Ziggler
65.9%
John Cena
65%
Kofi Kingston
64.2%
Goldberg
64.2%
Seth Rollins
63.4%
CM Punk
62.6%
Bob Backlund
61.8%
Christian
61.8%
Rusev
57.7%
Rick Rude
56.1%
Brock Lesnar
52.8%
Cesaro
51.2%
Shawn Michaels
48.8%
Matt Hardy
45.5%
Rob Van Dam
42.3%
Dean Ambrose
40.7%
Buddy Rogers
37.4%
Pedro Morales
37.4%
John Morrison
32.5%
Remove Ads.
Support Sporcle.
Get the best of Sporcle when you Go Orange. This ad-free experience offers more features, more stats, and more fun while also helping to support Sporcle. Thank you for becoming a member.

You're not logged in!

Compare scores with friends on all Sporcle quizzes.
OR
Log In

Show Comments

Extras

Created Jan 14, 2015ReportNominate
Tags:Famous Quiz

Top Quizzes Today


Score Distribution

Your Account Isn't Verified!

In order to create a playlist on Sporcle, you need to verify the email address you used during registration. Go to your Sporcle Settings to finish the process.

Report this User

Report this user for behavior that violates our Community Guidelines.

Details: